90. výročie vzniku štátnej ochrany prírody na Slovensku

Bibliographic Details
Main Author: Stockmann, Viliam, 1942- (Author)
Format: Article
Language:Slovak
PhysicalDescription:Fotogr.
ISSN:1335-1877
Subjects:

MARC

LEADER 00000nab a2200000 a 4500
001 vtls010260210
003 SK-MaSNL
005 20260304184122.0
008 25070819c2009 xo o |||||||||||||||slol
015 |a SNBRB2010/06 
035 |a SVKKK000100517 
035 |a urn:nbn:sk:snk-abc70r 
035 |a (urnnbn)urn:nbn:sk:snk:ar-006km2 
035 |a (uuid)f1348bab-9bf3-418a-8890-0dda9aa7eb7c 
038 |a SVKKK 
040 |a SNKBUCL  |b slo  |c SNKBUCL  |e AACR2 
041 0 |a slo 
044 |a xo  |c SK 
080 |a 502.3  |x (437.6)  |2 1997 
100 1 |a Stockmann, Viliam,  |d 1942-  |4 aut  |9 242316 
245 1 0 |a 90. výročie vzniku štátnej ochrany prírody na Slovensku  |c Viliam Stockmann 
246 3 |a Deväťdesiate výročie vzniku štátnej ochrany prírody na Slovensku 
300 |b Fotogr. 
610 2 7 |a Vládny komisariát na ochranu pamiatok na Slovensku (Bratislava, Slovensko)  |y 1919-1939  |x vznik  |2 snkbucl  |9 1517112 
610 2 7 |a Štátny referát na ochranu pamiatok na Slovensku (Bratislava, Slovensko)  |y 1923-1939  |x premenovanie  |2 snkbucl  |9 1517113 
650 0 7 |a ochrana prírody  |x organizácie  |x činnosť  |y 1919-1939  |z Slovensko  |2 snkbucl  |9 1517114 
773 0 |t Enviromagazín  |g Roč. 14, č. 6 (2009), s. 24-25  |x 1335-1877 
850 |a Slovenská národná knižnica 
852 |a Slovenská národná knižnica 
954 |a odborná, vedecká literatúra pôvodná (slovenská)  |2 lita 
958 |a article15 
958 |a OND 
958 |a EUIPO 
999 |c 3036799  |d 3038729